Famous People with German Names - Statistics

General Stats
  • This quiz has been taken 41 times
  • The average score is 10 of 15
Answer Stats
Hint Answer % Correct
A certain Austrian-born, German politician of the 1930s {Adolf} Hitler
100%
Revolutionary socialist who co-authored "The Communist Manifesto" {Karl} Marx
100%
Austrian psychologist who pioneered psychoanalysis {Sigmund} Freud
100%
Classical composer who was famously Deaf {Ludwig} van Beethoven
97%
The first German model to appear as a Victoria's Secret Angel {Heidi} Klum
95%
Nirvana frontman who died in 1994 {Kurt} Cobain
95%
Classical composer born in Salzburg, Austria {Wolfgang} Amadeus Mozart
95%
Archduke whose assassination led to the start of World War I {Franz} Ferdinand
89%
The above's main collaborator {Friedrich} Engels
47%
"The Red Baron", a German ace fighter pilot of World War I {Manfred} von Richthofen
45%
Pennsylvania-born, California-raised novelist who lived in Paris as an adult {Gertrude} Stein
39%
Hollywood Golden Age actress who was also an inventor {Hedwig "Hedy"} Lamarr
34%
American teacher who was killed in the Challenger Space Shuttle explosion {Christa} McAuliffe
26%
Longest-reigning monarch of the Netherlands (1890-1948) Queen {Wilhelmina}
26%
Country singer known for her 2004 Grammy Award-winning "Redneck Woman" {Gretchen} Wilson
18%
No matching quizzes found
Score Distribution
Percent of People with Each Score
Percentile by Number Answered
Your Score History
You have not taken this quiz